[Event "C-Klasse 2009 (C68)"]
[Site "Berlin-Weißensee"]
[Date "2009.05.20"]
[Round "1.1"]
[White "Engelhardt, Erhard"]
[Black "Grillich, Alexander"]
[Result "0-1"]
[WhiteElo "1632"]
[BlackElo "1805"]
[PlyCount "90"]
[EventDate "2009.05.20"]

1. f4 g6 2. Nf3 d6 3. e3 Bg7 4. d4 Bg4 5. h3 Bxf3 6. Qxf3 c6 7. c3 Nd7 8. Bc4
Ngf6 9. O-O O-O 10. Nd2 e5 11. e4 exd4 12. cxd4 b5 13. Bd3 Qb6 14. Nb3 a5 15.
Be3 a4 16. Nd2 Rae8 17. Rac1 Nd5 18. Bf2 Nb4 19. a3 Nxd3 20. Qxd3 Qb7 21. Rfe1
Nb6 22. Rc2 d5 23. e5 Nc4 24. Nf3 Bh6 25. g3 Qd7 26. Kg2 Rb8 27. Be3 b4 28.
axb4 Rxb4 29. Bc1 Rfb8 30. Ree2 Rb3 31. Qd1 Qf5 32. Ne1 Bf8 33. g4 Qd7 34. Nd3
h5 35. Rf2 hxg4 36. hxg4 Qa7 37. Ne1 a3 38. bxa3 Bxa3 39. Rf3 Bxc1 40. Rxc1
Ne3+ 41. Rxe3 Rxe3 42. f5 Rb2+ 43. Nc2 Qa6 44. Kf2 Ra3 45. Qh1 Qc4 0-1

[Event "C-Klasse 2009 (C68)"]
[Site "Berlin-Weißensee"]
[Date "2009.05.20"]
[Round "1.2"]
[White "Fuchs, Joerg"]
[Black "Bara, Andre"]
[Result "1/2-1/2"]
[WhiteElo "1712"]
[BlackElo "1639"]
[PlyCount "40"]
[EventDate "2009.05.20"]

1. e4 g6 2. d4 Bg7 3. Nf3 c6 4. Be2 d5 5. e5 Nh6 6. O-O O-O 7. Bf4 f5 8. Qd2
Nf7 9. c4 e6 10. cxd5 exd5 11. Nc3 h6 12. h4 Kh7 13. Rfe1 Be6 14. Rac1 Nd7 15.
Na4 Qe7 16. Nc5 Nxc5 17. Rxc5 Rfc8 18. Rec1 Bf8 19. Bd3 Qd8 20. R5c2 Be7
1/2-1/2

[Event "C-Klasse 2009 (C68)"]
[Site "Berlin-Weißensee"]
[Date "2009.05.20"]
[Round "1.3"]
[White "Gressmann, Moritz"]
[Black "Donath, Johann"]
[Result "1-0"]
[WhiteElo "1500"]
[BlackElo "1324"]
[PlyCount "63"]
[EventDate "2009.05.20"]

1. e4 e5 2. Nf3 Nc6 3. Bc4 Bc5 4. d3 d6 5. c3 Be6 6. Bxe6 fxe6 7. Ng5 Qf6 8.
O-O h6 9. Nh3 d5 10. exd5 exd5 11. b4 Bb6 12. a4 a6 13. Bb2 Nge7 14. Nd2 O-O
15. Qb3 Kh8 16. c4 d4 17. Ne4 Qe6 18. b5 axb5 19. axb5 Rxa1 20. Rxa1 Nb8 21.
Qc2 c6 22. c5 Bc7 23. b6 Bd8 24. Nd6 Nd5 25. Nxb7 Bh4 26. Nd6 Qg4 27. Ne4 Rf3
28. Qe2 Qxg2+ 29. Kxg2 Rxh3 30. Kxh3 Nf4+ 31. Kxh4 Nxe2 32. Ra8 1-0

[Event "C-Klasse 2009 (C68)"]
[Site "Berlin-Weißensee"]
[Date "2009.05.20"]
[Round "1.4"]
[White "Gabriel, Liem Thanh"]
[Black "Pixa, Richard"]
[Result "1/2-1/2"]
[WhiteElo "1574"]
[BlackElo "1567"]
[PlyCount "31"]
[EventDate "2009.05.20"]

1. e4 e6 2. d4 d5 3. exd5 exd5 4. Bd3 Bd6 5. Nf3 Nf6 6. O-O O-O 7. Bg5 Bg4 8.
Nbd2 Nbd7 9. c3 c6 10. Qc2 Qc7 11. Rfe1 Rfe8 12. h3 Bh5 13. Rac1 Bg6 14. Bxg6
hxg6 15. Bxf6 Nxf6 16. a3 1/2-1/2

[Event "C-Klasse 2009 (C68)"]
[Site "Berlin-Weißensee"]
[Date "2009.05.21"]
[Round "2.1"]
[White "Grillich, Alexander"]
[Black "Bara, Andre"]
[Result "1/2-1/2"]
[WhiteElo "1805"]
[BlackElo "1639"]
[PlyCount "43"]
[EventDate "2009.05.20"]

1. c4 c5 2. Nc3 Nc6 3. g3 d6 4. Bg2 Bd7 5. e3 g6 6. Nge2 Bg7 7. O-O Rb8 8. d4
cxd4 9. exd4 Nf6 10. b3 a6 11. Bf4 O-O 12. Qd2 Re8 13. d5 Na7 14. c5 Nh5 15.
Be3 dxc5 16. Bxc5 Nb5 17. Rac1 Rc8 18. Na4 Bf5 19. h3 Nf6 20. Bb6 Qd6 21. Bc5
Qd8 22. Bb6 1/2-1/2

[Event "C-Klasse 2009 (C68)"]
[Site "Berlin-Weißensee"]
[Date "2009.05.21"]
[Round "2.2"]
[White "Engelhardt, Erhard"]
[Black "Gressmann, Moritz"]
[Result "0-1"]
[WhiteElo "1632"]
[BlackElo "1500"]
[PlyCount "62"]
[EventDate "2009.05.20"]

1. Nc3 e5 2. Nf3 Nc6 3. d4 exd4 4. Nxd4 Bc5 5. Nf5 Qf6 6. e4 d6 7. Ne3 Nge7 8.
Bb5 Bd7 9. O-O O-O-O 10. Kh1 h5 11. Ned5 Nxd5 12. Nxd5 Qh4 13. f3 Bf2 14. Bxc6
(14. Rxf2 Qxf2 15. Be3 Qh4 16. g3 Qh3 17. Nf4) 14... bxc6 15. Ne7+ (15. Rxf2)
15... Kb8 16. Nf5 Bxf5 17. exf5 g5 18. Bxg5 Qxg5 19. Rxf2 Qxf5 20. Qd2 Rhe8 21.
Re2 Qb5 22. Ree1 Ka8 23. b3 Re6 24. a4 Qa6 25. Rxe6 fxe6 26. Re1 e5 27. Qg5 Rh8
28. Qg7 Rc8 29. h3 Qa5 30. Qg3 Qd2 31. f4 exf4 0-1

[Event "C-Klasse 2009 (C68)"]
[Site "Berlin-Weißensee"]
[Date "2009.05.21"]
[Round "2.3"]
[White "Pixa, Richard"]
[Black "Fuchs, Joerg"]
[Result "1-0"]
[WhiteElo "1567"]
[BlackElo "1712"]
[PlyCount "81"]
[EventDate "2009.05.20"]

1. e4 e5 2. Nf3 d6 3. d4 exd4 4. Nxd4 Nf6 5. Nc3 Be7 6. g3 O-O 7. Bg2 Re8 8.
O-O c5 9. Nde2 Nc6 10. h3 a6 11. a4 Ne5 12. g4 Ng6 13. Ng3 Nh4 14. Bh1 h5 15.
Bg5 Nh7 16. Bxh4 Bxh4 17. Nxh5 Ng5 18. Bg2 Bd7 19. Qd3 Bc6 20. Nf4 Rc8 21. Nfd5
c4 22. Qd4 Ne6 23. Qd2 Nc5 24. Rfe1 Re6 25. Qd4 Rh6 26. Qxc4 Ne6 27. Qd3 Bg5
28. Rf1 Bf4 29. Ne2 Be5 30. c3 Bxd5 31. Qxd5 Rc5 32. Qd2 f5 33. exf5 Ng5 34.
Qe3 Bf6 35. Rad1 Re5 36. Qd3 Rxe2 37. Qxe2 Nxh3+ 38. Bxh3 Rxh3 39. Qe6+ Kh7 40.
Rxd6 Qc8 41. Qxc8 1-0

[Event "C-Klasse 2009 (C68)"]
[Site "Berlin-Weißensee"]
[Date "2009.05.21"]
[Round "2.4"]
[White "Donath, Johann"]
[Black "Gabriel, Liem Thanh"]
[Result "0-1"]
[WhiteElo "1324"]
[BlackElo "1574"]
[PlyCount "72"]
[EventDate "2009.05.20"]

1. Nf3 d5 2. c4 Nf6 3. d4 e6 4. Bg5 Be7 5. e3 Ne4 6. Bxe7 Qxe7 7. Nc3 Nxc3 8.
bxc3 Nd7 9. cxd5 exd5 10. c4 Nf6 11. cxd5 Nxd5 12. Bc4 Be6 13. Qb3 c6 14. e4
Nf4 15. Bxe6 Qxe6 16. Qxe6+ Nxe6 17. O-O O-O 18. Rab1 b6 19. Rbd1 Rad8 20. g3
Rd6 21. Rd3 {(=)} Rfd8 22. Rfd1 Nc5 23. Re3 Kf8 24. Kg2 Ne6 25. Red3 Nc7 26.
Ne1 b5 27. Nc2 a5 28. f4 b4 29. a3 Na6 30. Kf3 Nc5 31. Re3 b3 32. Na1 a4 33. g4
Rxd4 34. Rxd4 Rxd4 35. Re1 Nd3 36. Rd1 Ne5+ 0-1

[Event "C-Klasse 2009 (C68)"]
[Site "Berlin-Weißensee"]
[Date "2009.05.21"]
[Round "3.1"]
[White "Gressmann, Moritz"]
[Black "Grillich, Alexander"]
[Result "0-1"]
[WhiteElo "1500"]
[BlackElo "1805"]
[PlyCount "88"]
[EventDate "2009.05.20"]

1. Nf3 Nf6 2. Nc3 g6 3. e4 d6 4. d4 Bg7 5. Bf4 O-O 6. Be2 c5 7. dxc5 dxc5 8.
O-O Nc6 9. a3 Bg4 10. h3 Bxf3 11. Bxf3 Nd4 12. Re1 e6 13. Re3 Re8 14. Rd3 e5
15. Bh2 c4 16. Re3 Bh6 17. Re1 Qb6 18. Rb1 Rad8 19. Nd5 Nxd5 20. exd5 Bg7 21.
b3 cxb3 22. cxb3 f5 23. Re3 Nxf3+ 24. Rxf3 e4 25. Re3 Bd4 26. Re2 Rxd5 27. Qc2
Qe6 28. Rbe1 Rc8 29. Qb1 Rc3 30. Kh1 Qc6 31. f3 Rdc5 32. b4 R5c4 33. Qa2 exf3
34. Re8+ Kf7 35. R1e7+ Kf6 36. Re6+ Qxe6 37. Rxe6+ Kxe6 38. gxf3 Rc1+ 39. Bg1
Bxg1 40. Qe2+ Kf6 41. Qe8 Be3+ 42. Kh2 Bf4+ 43. Kg2 R4c2+ 44. Qe2 Rxe2# 0-1

[Event "C-Klasse 2009 (C68)"]
[Site "Berlin-Weißensee"]
[Date "2009.05.21"]
[Round "3.2"]
[White "Bara, Andre"]
[Black "Pixa, Richard"]
[Result "0-1"]
[WhiteElo "1639"]
[BlackElo "1567"]
[PlyCount "126"]
[EventDate "2009.05.20"]

1. c4 e6 2. e4 d5 3. cxd5 exd5 4. e5 c5 5. d4 Nc6 6. Bb5 Qb6 7. Bxc6+ bxc6 8.
Ne2 cxd4 9. Qxd4 Bc5 10. Qh4 Ba6 11. Nbc3 Ne7 12. O-O Bb4 13. Be3 Qa5 14. Rfd1
Ng6 15. Qd4 O-O 16. a3 Be7 17. Ng3 Bb7 18. Nf5 Qc7 19. Nxe7+ Qxe7 20. f4 Rfc8
21. Na4 Nh4 22. Bf2 Nf5 23. Qc5 Rc7 24. Qxe7 Nxe7 25. Rac1 Bc8 26. h3 Be6 27.
g4 g6 28. Bh4 Nc8 29. Nc5 Nb6 30. Na6 Rcc8 31. Be7 Nc4 32. b3 Na5 33. Nc5 Rab8
34. b4 Nc4 35. Rd3 a5 36. Rf1 Re8 37. Bf6 axb4 38. axb4 Rxb4 39. f5 Bc8 40. Rd4
Rb2 41. e6 fxe6 42. Rxc4 dxc4 43. Bxb2 exf5 44. g5 Re3 45. Rd1 Kf7 46. Rd8 Be6
47. Nxe6 Rxe6 48. Bf6 Re3 49. Rd7+ Kg8 50. Rg7+ Kf8 51. Rxh7 c3 52. Kf2 c2 53.
Bb2 Rb3 54. Ke2 Rxb2 55. Kd2 c5 56. Kc1 Ra2 57. Rh4 Ke7 58. Rc4 Kd6 59. h4 Kd5
60. Rf4 c4 61. h5 gxh5 62. Rxf5+ Ke4 63. Rf2 Ra1+ 0-1

[Event "C-Klasse 2009 (C68)"]
[Site "Berlin-Weißensee"]
[Date "2009.05.21"]
[Round "3.3"]
[White "Gabriel, Liem Thanh"]
[Black "Engelhardt, Erhard"]
[Result "0-1"]
[WhiteElo "1574"]
[BlackElo "1632"]
[PlyCount "58"]
[EventDate "2009.05.20"]

1. e4 e6 2. d4 d5 3. e5 c5 4. c3 Nc6 5. Nf3 Qb6 6. Be2 cxd4 7. cxd4 Nh6 8. Bxh6
Qxb2 9. Nbd2 gxh6 10. O-O Qa3 11. Nb3 Bd7 12. Bb5 a6 13. Bd3 b6 14. Nfd2 Bg7
15. f4 O-O 16. f5 f6 17. Qg4 Qe7 18. Rac1 {(=)} fxe5 19. fxe6 Rxf1+ 20. Nxf1
Bxe6 21. Bf5 Bxf5 22. Qxf5 Rf8 23. Qg4 Qf7 24. Ng3 Nxd4 25. Nxd4 exd4 26. Qe2
Qe8 27. Qxe8 Rxe8 28. Rc6 d3 29. Rc1 d2 0-1

[Event "C-Klasse 2009 (C68)"]
[Site "Berlin-Weißensee"]
[Date "2009.05.21"]
[Round "3.4"]
[White "Fuchs, Joerg"]
[Black "Donath, Johann"]
[Result "1-0"]
[WhiteElo "1712"]
[BlackElo "1324"]
[PlyCount "99"]
[EventDate "2009.05.20"]

1. e4 e5 2. Nf3 Nc6 3. Bb5 a6 4. Bxc6 dxc6 5. O-O Bd6 6. d4 exd4 7. Qxd4 f6 8.
Be3 Be6 9. Rd1 Ne7 10. Nbd2 O-O 11. Nc4 Bxh2+ 12. Kxh2 Qxd4 13. Rxd4 c5 14. Rd2
Bxc4 15. Bxc5 Rfe8 16. Rd7 Ng6 17. Rxc7 Rxe4 18. Rd1 Nf8 19. Nd2 Be2 20. Re1
Rh4+ 21. Kg3 Rg4+ 22. Kh3 Re8 23. Rxe2 Rxe2 24. Kxg4 Rxd2 25. Rc8 h5+ 26. Kf3
Rxc2 27. Rxf8+ Kh7 28. Bd4 Rd2 29. Ke3 Rd1 30. Rf7 Kg6 31. Rxb7 h4 32. Rb6 Re1+
33. Kf3 Rh1 34. Rxa6 h3 35. gxh3 Rxh3+ 36. Kg2 Rh4 37. Bc3 Rg4+ 38. Kf3 Kg5 39.
a4 Rf4+ 40. Kg2 Kg4 41. a5 g5 42. Rxf6 Ra4 43. b4 Ra3 44. Rc6 Kh4 45. b5 g4 46.
b6 Ra4 47. b7 Re4 48. b8=Q Re2 49. Qg3+ Kh5 50. Rc5+ 1-0

[Event "C-Klasse 2009 (C68)"]
[Site "Berlin-Weißensee"]
[Date "2009.05.22"]
[Round "4.1"]
[White "Grillich, Alexander"]
[Black "Pixa, Richard"]
[Result "1/2-1/2"]
[WhiteElo "1805"]
[BlackElo "1567"]
[PlyCount "112"]
[EventDate "2009.05.20"]

1. e4 e6 2. c4 d5 3. exd5 exd5 4. cxd5 Qxd5 5. Nc3 Qd8 6. d4 c6 7. Be2 Nf6 8.
Nf3 Bd6 9. O-O O-O 10. Bg5 Be6 11. Ne4 Be7 12. Nc5 Bxc5 13. dxc5 Nbd7 14. Qc2
Qa5 15. Bxf6 Nxf6 16. a3 Bd5 17. b4 Qc7 18. Rad1 Rad8 19. Nd4 Qf4 20. g3 Qe5
21. Bf3 Bxf3 22. Nxf3 Qh5 23. Kg2 Nd5 24. Rd4 Rfe8 25. Re4 Qg6 26. Rxe8+ Rxe8
27. Qxg6 hxg6 28. Re1 Rxe1 29. Nxe1 Nc3 30. Kf3 Nb5 31. Nc2 Kf8 32. Ke3 Ke7 33.
Kd3 a6 34. a4 Nc7 35. Nd4 Kf6 36. f4 Ke7 37. f5 g5 38. Kc4 Kd7 39. b5 axb5+ 40.
axb5 cxb5+ 41. Nxb5 Nxb5 42. Kxb5 Kc7 43. h3 f6 44. h4 gxh4 45. gxh4 Kc8 46.
Kb6 Kb8 47. h5 Kc8 48. c6 bxc6 49. Kxc6 Kd8 50. Kd6 Ke8 51. Ke6 Kf8 52. h6 gxh6
53. Kxf6 h5 54. Kg5 Kf7 55. Kxh5 Kf6 56. Kg4 Kf7 1/2-1/2

[Event "C-Klasse 2009 (C68)"]
[Site "Berlin-Weißensee"]
[Date "2009.05.22"]
[Round "4.2"]
[White "Gressmann, Moritz"]
[Black "Gabriel, Liem Thanh"]
[Result "1/2-1/2"]
[WhiteElo "1500"]
[BlackElo "1574"]
[PlyCount "100"]
[EventDate "2009.05.20"]

1. e4 e6 2. d4 d5 3. exd5 exd5 4. Bd3 Bd6 5. Ne2 Ne7 6. Bf4 Bf5 7. c3 c6 8. O-O
Qc7 9. Bxd6 Qxd6 10. Bxf5 Nxf5 11. Ng3 Nxg3 12. fxg3 O-O 13. Nd2 Nd7 14. Nf3
Nf6 15. Nh4 Qd7 16. Qc2 Ne4 17. Rae1 {(=)} Rfe8 18. Nf3 f6 19. Nd2 Qg4 20. Rf4
Qg6 21. Nxe4 f5 22. Nf6+ Qxf6 23. Rxe8+ Rxe8 24. Rxf5 Qh6 25. Rf4 Qe6 26. Qf5
Qxf5 27. Rxf5 Re1+ 28. Rf1 Rxf1+ 29. Kxf1 Kf7 30. Kf2 Ke6 31. Kf3 Kf6 32. g4 g5
33. g3 Ke6 34. h4 h6 35. h5 {(=)} Kd6 36. Ke3 b6 37. b3 a6 38. a3 a5 39. b4 a4
40. Kd3 Kc7 41. Ke3 Kb7 42. Kd3 Kc7 43. Ke3 Kd7 44. Kd3 Kd6 45. Ke3 Kc7 46. Kd2
Kb7 47. Kd3 Kc7 48. Ke3 {(=)} Kb7 49. Kd3 Ka6 50. c4 b5 1/2-1/2

[Event "C-Klasse 2009 (C68)"]
[Site "Berlin-Weißensee"]
[Date "2009.05.22"]
[Round "4.3"]
[White "Donath, Johann"]
[Black "Bara, Andre"]
[Result "0-1"]
[WhiteElo "1324"]
[BlackElo "1639"]
[PlyCount "64"]
[EventDate "2009.05.20"]

1. e4 g6 2. d4 Bg7 3. c4 d6 4. Nc3 Nd7 5. f3 c5 6. d5 Rb8 7. Bd3 Ne5 8. Be2 f5
9. Qc2 Nh6 10. Bf4 Nhf7 11. h4 a6 12. h5 g5 13. Be3 f4 14. Bf2 Bh6 15. g4 fxg3
16. Bxg3 Bd7 17. Rh2 {(=)} Qa5 18. Kf2 b5 19. b3 Bg7 20. Rh1 Nxc4 21. bxc4 Qxc3
22. Qxc3 Bxc3 23. Rb1 b4 24. Bd1 a5 25. Ne2 Be5 26. Rg1 h6 27. a4 Bxg3+ 28.
Nxg3 Ne5 29. Bb3 O-O 30. Bd1 Nxc4 31. Nf1 Rf4 32. Rb3 Bxa4 0-1

[Event "C-Klasse 2009 (C68)"]
[Site "Berlin-Weißensee"]
[Date "2009.05.22"]
[Round "4.4"]
[White "Engelhardt, Erhard"]
[Black "Fuchs, Joerg"]
[Result "0-1"]
[WhiteElo "1632"]
[BlackElo "1712"]
[PlyCount "44"]
[EventDate "2009.05.20"]

1. f4 d5 2. Nf3 Nf6 3. e3 Bg4 4. b3 Nbd7 5. Bb2 c6 6. Be2 Bxf3 7. Bxf3 Qc7 8.
O-O e5 9. fxe5 Nxe5 10. Qe2 Bd6 11. h3 O-O-O 12. a4 Rhe8 13. Na3 Nxf3+ 14. Rxf3
Ne4 15. Qd1 Re6 16. c4 Bxa3 17. Bxa3 dxc4 18. d4 cxd3 19. Rc1 Ng5 20. Rf4 d2
21. Rcc4 Rxe3 22. Qg4+ Ne6 0-1

[Event "C-Klasse 2009 (C68)"]
[Site "Berlin-Weißensee"]
[Date "2009.05.23"]
[Round "5.1"]
[White "Gabriel, Liem Thanh"]
[Black "Grillich, Alexander"]
[Result "0-1"]
[WhiteElo "1574"]
[BlackElo "1805"]
[PlyCount "50"]
[EventDate "2009.05.20"]

1. e4 d5 2. exd5 Qxd5 3. Nc3 Qd6 4. Nf3 Nf6 5. d4 a6 6. g3 Bg4 7. Bg2 Nc6 8.
Bf4 Qd7 9. Qd2 O-O-O 10. O-O-O e6 11. Qe3 Nd5 12. Nxd5 Qxd5 13. a3 Qa2 14. Qc3
Bd6 15. Bxd6 Rxd6 16. Rd3 Rhd8 17. Rhd1 Nxd4 18. Re1 Nxf3 19. Bxf3 Rxd3 20.
Bxb7+ Kxb7 21. cxd3 Bf5 22. d4 Rd6 23. Kd2 Qd5 24. Ke2 Qe4+ 25. Kf1 Bh3+ 0-1

[Event "C-Klasse 2009 (C68)"]
[Site "Berlin-Weißensee"]
[Date "2009.05.23"]
[Round "5.2"]
[White "Pixa, Richard"]
[Black "Donath, Johann"]
[Result "1/2-1/2"]
[WhiteElo "1567"]
[BlackElo "1324"]
[PlyCount "135"]
[EventDate "2009.05.20"]

1. e4 e5 2. Nf3 Nc6 3. Bb5 a6 4. Ba4 b5 5. Bb3 Bc5 6. O-O Nf6 7. Re1 O-O 8. c3
Re8 9. Bc2 d6 10. h3 Kh8 11. d4 exd4 12. cxd4 Bb4 13. Nc3 d5 14. e5 Ng8 15. a3
Be7 16. Qd3 f5 17. Ne2 (17. exf6 $18) 17... g6 18. Nf4 Na5 19. b3 Nc6 20. b4
Nb8 21. Bb3 c6 22. Bd2 Nd7 23. Ne6 Qb6 24. Nc5 Nxc5 25. dxc5 Qc7 26. Nd4 Bf8
27. f4 Ra7 28. a4 Rb7 29. a5 Ra7 30. Bc3 Bg7 31. Nf3 h6 32. Nd4 Kh7 33. Qg3 Qd7
34. Rad1 Rc7 35. Nf3 Qe7 {(=)} 36. Nh4 Qf7 37. Bd4 Ree7 38. Bc2 Re8 39. Qd3 Ne7
40. Nf3 Rf8 41. Bf2 Rg8 42. Bh4 Re8 43. Bxe7 Rexe7 44. Re3 Bf8 45. Nh4 Qg8 46.
Rg3 Rg7 47. Nf3 Rge7 48. Nd4 Rg7 49. Qb3 Rge7 50. Rdd3 Rg7 51. h4 h5 52. Nf3
Be7 53. Ng5+ Bxg5 54. Rxg5 Qe8 {(=)} 55. Rdg3 Rcf7 56. Qf3 Rf8 57. Qd1 Kh6 58.
Bd3 Rfg8 59. Be2 Be6 60. Bf3 Qf7 61. Kf2 Bd7 62. Ke3 Be8 63. Kd4 Bd7 64. Qe2
Bc8 65. Qd1 Bd7 66. Qe2 Bc8 67. Qd1 Bd7 68. Qe2 1/2-1/2

[Event "C-Klasse 2009 (C68)"]
[Site "Berlin-Weißensee"]
[Date "2009.05.23"]
[Round "5.3"]
[White "Fuchs, Joerg"]
[Black "Gressmann, Moritz"]
[Result "1/2-1/2"]
[WhiteElo "1712"]
[BlackElo "1500"]
[PlyCount "75"]
[EventDate "2009.05.20"]

1. e4 e6 2. d3 d5 3. Nd2 Nf6 4. Ngf3 Bb4 5. e5 Nfd7 6. c3 Be7 7. d4 O-O 8. Bd3
c5 9. O-O Nc6 10. Re1 Qb6 11. Nf1 Kh8 12. Ng3 cxd4 13. cxd4 Nxd4 14. Nxd4 Qxd4
15. Qc2 Nxe5 16. Be2 Qc5 17. Qd1 Rd8 18. Bf4 Bf6 19. Bh5 Ng6 20. Bxg6 hxg6 21.
Qb3 Bd4 22. Re2 Qb6 23. Qf3 Bd7 24. Rd1 Rac8 25. h4 Bb5 26. Red2 e5 27. Ne2 e4
28. Qg3 Bxe2 29. Rxe2 Qb5 30. Red2 Bxb2 31. h5 gxh5 32. Rxb2 Qd7 {(=)} 33. Qh4
b6 34. Qxh5+ Kg8 35. Rbd2 Rc5 36. Qe2 Qf5 37. Be3 Rc7 38. Qb5 1/2-1/2

[Event "C-Klasse 2009 (C68)"]
[Site "Berlin-Weißensee"]
[Date "2009.05.23"]
[Round "5.4"]
[White "Bara, Andre"]
[Black "Engelhardt, Erhard"]
[Result "0-1"]
[WhiteElo "1639"]
[BlackElo "1632"]
[PlyCount "179"]
[EventDate "2009.05.20"]

1. c4 b6 2. Nc3 Bb7 3. d3 e6 4. e4 Bb4 5. Qb3 Na6 6. a3 Ba5 7. Be3 Ne7 8. c5
O-O 9. f3 Rb8 10. cxb6 cxb6 11. d4 Rc8 12. Bd3 Bxc3+ 13. bxc3 d5 14. e5 Nc7 15.
Ne2 Qd7 16. Bg5 Ng6 17. h4 h6 18. h5 Ne7 19. Bd2 Ba6 20. Bxa6 Nxa6 21. g4 f5
22. g5 hxg5 23. Bxg5 Kh7 24. Nf4 Ng8 25. Kf2 Rfe8 26. Rag1 Qc7 27. Ne2 Nb8 28.
f4 Nc6 29. Rh3 Nh6 30. Bxh6 gxh6 31. Rhg3 Rg8 32. Rg6 Qe7 33. Rxg8 Rxg8 34.
Rxg8 Kxg8 35. Ng3 Na5 36. Nxf5 Qf8 37. Nxh6+ Qxh6 38. Qb5 Qxf4+ 39. Ke1 Qh4+
40. Kd1 Qxh5+ 41. Kc2 Qh2+ 42. Kb1 Qg1+ 43. Kc2 Qf2+ 44. Kd1 Qf7 45. Ke2 Nc4
46. a4 Qh5+ 47. Kf2 Qh2+ 48. Kf3 Qh5+ 49. Kf2 Qf7+ 50. Ke2 Qe7 51. Qb1 Kf8 52.
Qg6 Qf7 53. Qh6+ Ke7 54. Qh8 Qf5 55. Qg7+ Kd8 56. Qg8+ Kd7 57. Qg7+ Kc6 58.
Qxa7 Qc2+ 59. Kf3 Qxc3+ 60. Kg2 Ne3+ 61. Kf3 Nf5+ 62. Kg2 Qxd4 63. Qa8+ Kc5 64.
Qe8 Kb4 65. Qxe6 Ne3+ 66. Kh3 Qc5 67. Qe8 {(=)} d4 68. e6 Qf5+ 69. Kg3 Qe5+ (
69... Qg4+ 70. Kf2 Qg2+ 71. Ke1 Qf1+ 72. Kd2 Qd1#) 70. Kh3 Nd5 71. Qb5+ Kc3 72.
Qc6+ Kd3 73. Qb5+ Ke4 74. Qe2+ Ne3 75. Qa2 Qh8+ 76. Kg3 Qg7+ 77. Kh2 Qh6+ 78.
Kg1 Qg5+ 79. Kh1 Qh4+ 80. Kg1 Qg3+ 81. Kh1 Nd5 82. Qe2+ Qe3 83. Qg4+ Kd3 84.
Qd1+ Qd2 85. Qb3+ Ke4 86. Qb1+ d3 87. e7 Qh6+ 88. Kg1 Qg7+ 89. Kh1 Qxe7 90.
Qe1+ {ZÜ Weiss} 0-1

[Event "C-Klasse 2009 (C68)"]
[Site "Berlin-Weißensee"]
[Date "2009.05.23"]
[Round "6.1"]
[White "Grillich, Alexander"]
[Black "Donath, Johann"]
[Result "1-0"]
[WhiteElo "1805"]
[BlackElo "1324"]
[PlyCount "53"]
[EventDate "2009.05.20"]

1. d4 Nf6 2. Nf3 g6 3. c4 Bg7 4. Nc3 O-O 5. e4 d6 6. Be2 Nbd7 7. O-O c5 8. h3
cxd4 9. Nxd4 Nc5 10. Bf3 Ne8 11. Be3 Nc7 12. Qd2 Rb8 13. Rad1 b6 14. Nc6 Qe8
15. Nxb8 Bb7 16. b4 N5e6 17. Nd5 Nxd5 18. exd5 Nc7 19. Nc6 Bxc6 20. dxc6 f5 21.
c5 bxc5 22. bxc5 dxc5 23. Bxc5 Rf7 24. Rfe1 e5 25. Bd5 Ne6 26. Bxe6 Qxe6 27.
Qd8+ 1-0

[Event "C-Klasse 2009 (C68)"]
[Site "Berlin-Weißensee"]
[Date "2009.05.23"]
[Round "6.2"]
[White "Gabriel, Liem Thanh"]
[Black "Fuchs, Joerg"]
[Result "0-1"]
[WhiteElo "1574"]
[BlackElo "1712"]
[PlyCount "52"]
[EventDate "2009.05.20"]

1. e4 e5 2. Nf3 d6 3. d4 exd4 4. Nxd4 Nf6 5. Nc3 Be7 6. Bc4 O-O 7. O-O Nxe4 8.
Bxf7+ Rxf7 9. Nxe4 d5 10. Ng3 c5 11. Nf3 Bg4 12. Re1 Bxf3 13. gxf3 Nc6 14. f4
Qd7 15. Kg2 Rd8 16. c3 Qc7 17. Qf3 d4 18. cxd4 Nxd4 19. Qc3 Bf6 20. Ne4 Qc6 21.
Kf1 Qa6+ 22. Kg2 Bh4 23. Ng5 Bxg5 24. fxg5 Qc6+ 25. Kg1 Nf3+ 26. Kf1 Nxe1 0-1

[Event "C-Klasse 2009 (C68)"]
[Site "Berlin-Weißensee"]
[Date "2009.05.23"]
[Round "6.3"]
[White "Engelhardt, Erhard"]
[Black "Pixa, Richard"]
[Result "1/2-1/2"]
[WhiteElo "1632"]
[BlackElo "1567"]
[PlyCount "137"]
[EventDate "2009.05.20"]

1. b4 c6 2. e3 d5 3. Bb2 Nf6 4. Nf3 Bf5 5. c4 e6 6. a3 a5 7. b5 Be7 8. Nc3 Nbd7
9. d4 O-O 10. c5 cxb5 11. Bxb5 Qc7 12. Rc1 Rac8 13. Na4 Bg6 14. O-O Bh5 15. Be2
Qb8 16. Qb3 Qa7 17. Qb5 Ra8 18. Rfe1 Bxf3 19. Bxf3 Rfc8 20. Be2 Rc6 21. Qb3 Bd8
22. Bb5 Rcc8 23. Rc2 Qb8 24. f3 Bc7 25. f4 Bd8 26. Rb1 Qc7 27. Bc1 Rcb8 28. Bd2
Ne4 29. Be1 Qc8 30. Be2 Qc6 31. Bb5 Qc8 32. Nb2 Nf8 33. Rbc1 Ng6 34. Qa4 Ne7
35. Nd3 Bc7 36. Rb2 Nf5 37. Bf2 Kf8 38. Qb3 Ne7 39. Qd1 Nc6 40. Be1 Ne7 41. a4
Kg8 42. Rcc2 Nf5 {(=)} 43. Bd2 Qd8 44. Qe1 Qf6 45. Nf2 Nxf2 46. Qxf2 Nh6 {(=)}
47. Be2 Qd8 48. Rc1 Qc8 49. Qe1 Bd8 50. Rb5 Qc6 51. Rcb1 Kh8 52. R1b2 Ng8 53.
Qb1 Ra7 54. Bf3 Nf6 55. Be1 Qd7 56. Bd1 Ne4 57. Rc2 Qc7 58. Bf3 Nf6 59. Bh4 Kg8
60. Bxf6 Bxf6 61. g3 g6 62. Qd1 Rd8 63. Qd2 Bg7 64. Qc3 f5 65. Rcb2 Bf6 66. Qc1
Rb8 67. Rc2 Bd8 68. Qb1 Qc6 69. Be2 1/2-1/2

[Event "C-Klasse 2009 (C68)"]
[Site "Berlin-Weißensee"]
[Date "2009.05.23"]
[Round "6.4"]
[White "Gressmann, Moritz"]
[Black "Bara, Andre"]
[Result "0-1"]
[WhiteElo "1500"]
[BlackElo "1639"]
[PlyCount "52"]
[EventDate "2009.05.20"]

1. e4 g6 2. d4 Bg7 3. c3 c6 4. Nf3 d5 5. exd5 Qxd5 6. c4 Qd8 7. Nc3 Bg4 8. Be3
Nh6 9. h3 Bxf3 10. gxf3 Nf5 11. Qb3 Qb6 12. Qxb6 axb6 13. O-O-O Nd7 14. Bd3
Nxd4 15. Bxg6 hxg6 16. Bxd4 Bxd4 17. Rxd4 Ne5 18. f4 c5 19. Re4 Nd3+ 20. Kb1
Nxf2 21. Nd5 Nxe4 22. Nc7+ Kd7 23. Nxa8 Rxa8 24. Rd1+ Kc6 25. h4 Rh8 26. Rh1
Nd2+ 0-1

[Event "C-Klasse 2009 (C68)"]
[Site "Berlin-Weißensee"]
[Date "2009.05.24"]
[Round "7.1"]
[White "Fuchs, Joerg"]
[Black "Grillich, Alexander"]
[Result "0-1"]
[WhiteElo "1712"]
[BlackElo "1805"]
[PlyCount "88"]
[EventDate "2009.05.20"]

1. e4 d5 2. exd5 Qxd5 3. Nc3 Qd6 4. Bc4 Nf6 5. d3 a6 6. Qe2 Nc6 7. Nf3 e6 8.
Bg5 Be7 9. O-O O-O 10. Rad1 b5 11. Bb3 Bb7 12. Rfe1 Na5 13. Ne4 Qd8 14. Ne5
Nxb3 15. axb3 Nd7 16. Bxe7 Qxe7 17. Nxd7 Qxd7 18. Nc5 Qd5 19. Nxb7 Qxb7 20. Qh5
Rfd8 21. Re5 Rd5 22. Qf3 c6 23. Rde1 Rad8 24. Kf1 Qc7 25. Qg3 Rxe5 26. Qxe5
Qxe5 27. Rxe5 Kf8 28. Ke2 Ke7 29. Ke3 f6 30. Rh5 h6 31. f4 Kd6 32. g4 c5 33. h4
Re8 34. g5 hxg5 35. fxg5 e5 36. gxf6 gxf6 37. Ke4 Ke6 38. Rh6 Rg8 39. h5 Rg2
40. Rh8 Re2+ 41. Kf3 Rxc2 42. Ra8 Rxb2 43. Rxa6+ Kf5 44. h6 Rxb3 0-1

[Event "C-Klasse 2009 (C68)"]
[Site "Berlin-Weißensee"]
[Date "2009.05.24"]
[Round "7.2"]
[White "Donath, Johann"]
[Black "Engelhardt, Erhard"]
[Result "0-1"]
[WhiteElo "1324"]
[BlackElo "1632"]
[PlyCount "148"]
[EventDate "2009.05.20"]

1. e4 e6 2. d4 d5 3. e5 c5 4. c3 Nc6 5. Nf3 Qb6 6. Na3 cxd4 7. cxd4 Bxa3 8.
bxa3 Nge7 9. Qd3 Bd7 10. Rb1 Qc7 11. Be2 a6 12. O-O Na5 13. Bd2 Bb5 14. Qe3
Bxe2 15. Qxe2 Nc4 16. Rfc1 Nc6 17. Bb4 Qd7 18. Qd3 Rb8 19. h3 a5 20. Be1 O-O
21. Nd2 Nxd2 22. Bxd2 Rfc8 23. Qb5 b6 24. Bg5 Qe8 25. Be3 Rc7 26. Kf1 Qc8 27.
Qb2 Qa6+ 28. Qb5 Qxb5+ 29. Rxb5 h6 30. Ke1 Nxd4 31. Rxc7 Nxb5 32. Rc6 d4 33.
Bc1 Na7 34. Rd6 Nb5 35. Rc6 Na7 36. Rd6 Rc8 37. Kd2 Rc5 38. Rxb6 Rxe5 39. Kd3
Rd5 40. Bd2 e5 41. Ra6 Rd7 42. Rxa5 f6 43. f4 Re7 44. Rd5 Nc6 45. g3 e4+ 46.
Ke2 Kf7 47. Bb4 Rb7 48. Bc5 Rb2+ 49. Kd1 Rb5 50. Kc2 Ke8 51. g4 Ne7 52. a4 Ra5
53. Rd8+ Kxd8 54. Bb6+ Kd7 55. Bxa5 Nc6 56. Be1 Kd6 57. a3 Kc5 58. Kb3 g6 59.
h4 f5 60. gxf5 (60. h5 gxh5 61. gxf5) 60... gxf5 61. h5 Kd5 62. Kc2 Kc4 63. Bh4
d3+ 64. Kd1 e3 65. Bf6 Nd4 66. Bh4 e2+ 67. Kc1 Nf3 68. Bf2 d2+ 69. Kb2 d1=Q 70.
Be3 Kd3 71. a5 Qc2+ 72. Ka1 Kc3 73. Bd4+ Nxd4 74. a4 Nb3# 0-1